00238nam a22000977a 4500040001200000082001300012100003200025245002600057260004700083300001000130 cMSOHAIL a891.4396 aMoulana Sayed Suleman Nadvi aMakatib-e Shibli - 01 aIslamabadbNational Book Foundationcc1989 a329;p